LEADER 00712nam a2200205 i 4500 001 000000170594 003 CaOOAMICUS 005 20080402000000.0 008 080402n it u000 u fre u 013 $a148010 040 $aSeMil$bita 245 10$a2. 300 $a387 p. 600 14$aBlondel, Maurice <1861-1949>.$0(OLS)http://semarc/subject/458 650 4$aEpistolari.$0(OLS)http://semarc/subject/1376 773 0 $aBlondel, Maurice <1861-1949>$tCorrespondance.$d[Paris] : Aubier-Montaigne, 1957-1965.$g2$w()10630 773 0 $t1899-1912.$w()19379 850 $aSeMil 852 $aSeMil$W1$xVenegono$y1$m1V IV 100$j121478$B121478$CSeMilBibl$Z2$F132833 $81 996 $6245$a2$9(OLS)http://semarc/title/46889 LEADER 00557nab a2200133 i 4500 001 000000329534 003 CaOOAMICUS 005 20180831173622.0 008 180831n it uu u0 0ita r 013 $a41198 040 $aSeMil$bita 245 13$aIl dono dell'abbecedario, il sogno del teatrino. La scuola nel Biennio teologico. - In [rubrica] :$bItinerari. 773 0 $t[MAGGIO 1994]. - 31 p.$gp.[10]-11$w()291527 996 $6245$aIl dono dell'abbecedario, il sogno del teatrino. La scuola nel Biennio teologico. - In [rubrica] :$bItinerari.$9(OLS)http://semarc/title/418017